| 000 | 00545nam a22002297a 4500 | ||
|---|---|---|---|
| 003 | OSt | ||
| 005 | 20250303112146.0 | ||
| 008 | 250303b |||||||| |||| 00| 0 eng d | ||
| 040 | _cSTCPL | ||
| 041 | _aENG | ||
| 082 |
_a599.93 _bDAS-O |
||
| 100 | _aDas, B.M | ||
| 245 |
_aOutlines of physical anthropology / _cby B.M.Das |
||
| 260 |
_aAllahabad : _bKitab Mahal , _c1988 . |
||
| 300 |
_a234 p. _bPB |
||
| 650 | _aPhysical anthropology | ||
| 650 | _aGnetics | ||
| 650 | _aHeredity | ||
| 650 | _aEcology | ||
| 942 | _cBK | ||
| 942 |
_2ddc _n0 |
||
| 999 |
_c85312 _d85312 |
||